Mi lucha / [por] Adolfo Hitler

Furkejuvvon:
Bibliográfalaš dieđut
Váldodahkki: Hitler, Adolfo (autor)
Materiálatiipa: Girji
Preanttus:3a edición
Fáttát:
Fáddágilkorat: Lasit fáddágilkoriid
Eai fáddágilkorat, Lasit vuosttaš fáddágilkora!

MARC

LEADER 00000nam^a2200000^u^4500
001 000546120
005 20250521000000.0
008 060220s1000^^^^^^^^^^^^r^^^^^000^0^spa^d
009 20260310131402.766
035 |a FMI 000015643 
037 |a Acervo Xavier Clavigero 
096 |a 3.4/63/E 
100 |a Hitler, Adolfo  |e (autor) 
245 1 0 |a Mi lucha / [por] Adolfo Hitler 
250 |a 3a edición 
264 |a México : Diana, 1963 
300 |a 296 p. 
336 |a texto  |b txt  |2 rdacontenido 
337 |a sin mediación  |b n  |2 rdamedio 
338 |a volumen  |b nc  |2 rdasoporte 
597 |a Trad. de ("Mein Kumpf"). 
649 |a XX 
650 |a 1. Hitler, Adolfo 
650 |a Historia Universal 
650 |a ALEMANIA -- POLITICA Y GOBIERNO 
910 |a Fondo Francisco Migoya Covarrubias S.J. 
920 |a Impresos - Libros 
930 |a Fondos Especiales 
905 |a 134 
901 |a SBC22803  |b IT2  |c ESP  |u 20250521 
902 |a https://opac.biblio.iteso.mx/vufind/Record/000546120